000 00889cab a2200229 4500
001 WB3118-19
008 090401t1995 xxu||||| |||| 00| 0 eng d
035 _a(Sirsi) u65732
041 _aeng
245 _aMetric planning confusion
260 _c1995
350 _a0
490 _aPlanning (for the Natural and Built Environment)
_v(117) 5 May 1995, 1(1)
520 _aGovernment may legislate to deal with planning applications submitted in imperial measurements since 1 January 1995 which do not comply with the EC rules on metrification. The Association of District Councils warns of the confusion over the legal status of applications submitted in imperial units.
650 _aEC DIRECTIVES
650 _aMETRICATION
650 _aPLANNING APPLICATIONS
690 _aMAPPING AND MEASUREMENT
690 _aPLANNING LAW AND PRACTICE
942 _n0
948 _c04/03/1997
999 _c41024
_d41024